[Event "Irena Warakomska Memorial A"]
[Site "Suwalki"]
[Date "2020.08.06"]
[Round "1"]
[White "Gumularz, Szymon"]
[Black "Bugajski, Robert"]
[Result "1-0"]
[Board "1"]
[WhiteElo "2506"]
[WhiteTitle "IM"]
[WhiteCountry "POL"]
[WhiteFideId "1188062"]
[WhiteEloChange "1"]
[BlackElo "2081"]
[BlackTitle "FM"]
[BlackCountry "POL"]
[BlackFideId "1101528"]
[BlackEloChange "-2"]

1. d4 {[%clk 1:30:55]} Nf6 {[%clk 1:30:39]} 2. Bf4 {[%clk 1:31:13]} d5 {[%clk
1:30:01]} 3. e3 {[%clk 1:31:36]} e6 {[%clk 1:26:11]} 4. Nd2 {[%clk 1:31:57]} c5
{[%clk 1:25:50]} 5. Ngf3 {[%clk 1:32:06]} cxd4 {[%clk 1:23:15]} 6. exd4 {[%clk
1:32:25]} Be7 {[%clk 1:23:04]} 7. c3 {[%clk 1:32:34]} Nc6 {[%clk 1:21:35]} 8. Bd3
{[%clk 1:32:57]} h6 {[%clk 1:17:01]} 9. Qe2 {[%clk 1:31:33]} a6 {[%clk 1:06:30]}
10. O-O {[%clk 1:25:32]} O-O {[%clk 1:04:17]} 11. Rae1 {[%clk 1:18:29]} b5 {[%clk
0:59:56]} 12. Ne5 {[%clk 1:17:06]} Nxe5 {[%clk 0:57:19]} 13. dxe5 {[%clk
1:17:00]} Nd7 {[%clk 0:56:52]} 14. Bb1 {[%clk 1:11:38]} Re8 {[%clk 0:53:52]} 15.
Qd3 {[%clk 1:06:40]} Nf8 {[%clk 0:52:18]} 16. Re3 {[%clk 0:57:18]} Bg5 {[%clk
0:37:28]} 17. Bxg5 {[%clk 0:56:05]} Qxg5 {[%clk 0:37:56]} 18. Nf3 {[%clk
0:56:02]} Qe7 {[%clk 0:36:31]} 19. Nd4 {[%clk 0:55:55]} Bd7 {[%clk 0:35:33]} 20.
Qd2 {[%clk 0:47:56]} Qg5 {[%clk 0:27:05]} 21. f4 {[%clk 0:43:28]} Qe7 {[%clk
0:27:24]} 22. Rg3 {[%clk 0:42:56]} f5 {[%clk 0:21:29]} 23. exf6 {[%clk 0:42:00]}
Qxf6 {[%clk 0:21:57]} 24. Nf3 {[%clk 0:40:02]} Red8 {[%clk 0:21:10]} 25. Ne5
{[%clk 0:39:20]} Be8 {[%clk 0:21:16]} 26. Ng4 {[%clk 0:38:26]} Qh4 {[%clk
0:20:31]} 27. f5 {[%clk 0:38:14]} Qg5 {[%clk 0:10:12]} 28. Nxh6+ {[%clk 0:38:31]}
gxh6 {[%clk 0:09:04]} 29. Rxg5+ {[%clk 0:38:56]} hxg5 {[%clk 0:09:23]} 30. Qxg5+
{[%clk 0:39:21]} Kh8 {[%clk 0:08:32]} 31. Qh6+ {[%clk 0:39:37]} Kg8 {[%clk
0:08:47]} 32. fxe6 {[%clk 0:40:00]} 1-0

[Event "Irena Warakomska Memorial A"]
[Site "Suwalki"]
[Date "2020.08.06"]
[Round "1"]
[White "Choroszej, Aleksander"]
[Black "Janik, Igor"]
[Result "0-1"]
[Board "2"]
[WhiteElo "2059"]
[WhiteCountry "POL"]
[WhiteFideId "1140825"]
[WhiteEloChange "-2"]
[BlackElo "2471"]
[BlackTitle "IM"]
[BlackCountry "POL"]
[BlackFideId "1159259"]
[BlackEloChange "1"]

1. d4 {[%clk 1:30:48]} Nf6 {[%clk 1:30:51]} 2. c4 {[%clk 1:31:11]} e6 {[%clk
1:31:16]} 3. Nc3 {[%clk 1:31:32]} Bb4 {[%clk 1:31:39]} 4. f3 {[%clk 1:31:47]} c5
{[%clk 1:32:02]} 5. d5 {[%clk 1:31:51]} O-O {[%clk 1:32:13]} 6. e4 {[%clk
1:29:17]} d6 {[%clk 1:32:16]} 7. Ne2 {[%clk 1:27:46]} a6 {[%clk 1:32:40]} 8. a3
{[%clk 1:20:19]} Ba5 {[%clk 1:32:43]} 9. Nf4 {[%clk 1:18:49]} exd5 {[%clk
1:32:54]} 10. cxd5 {[%clk 1:18:27]} b5 {[%clk 1:33:15]} 11. Be2 {[%clk 1:15:14]}
Nbd7 {[%clk 1:32:31]} 12. O-O {[%clk 1:11:00]} c4 {[%clk 1:32:33]} 13. b4 {[%clk
1:07:47]} cxb3 {[%clk 1:31:07]} 14. Qxb3 {[%clk 1:08:08]} Nc5 {[%clk 1:21:51]}
15. Qb2 {[%clk 1:04:59]} Qe7 {[%clk 1:18:56]} 16. Nd3 {[%clk 0:52:25]} Nxd3
{[%clk 1:16:38]} 17. Bxd3 {[%clk 0:52:47]} Qa7+ {[%clk 1:17:04]} 0-1

[Event "Irena Warakomska Memorial A"]
[Site "Suwalki"]
[Date "2020.08.06"]
[Round "1"]
[White "Goluch, Piotr"]
[Black "Malaczek, Mateusz"]
[Result "1-0"]
[Board "3"]
[WhiteElo "2373"]
[WhiteTitle "IM"]
[WhiteCountry "POL"]
[WhiteFideId "1137840"]
[WhiteEloChange "3"]
[BlackElo "2036"]
[BlackCountry "POL"]
[BlackFideId "1170880"]
[BlackEloChange "-3"]

1. Nf3 {[%clk 1:30:52]} g6 {[%clk 1:30:53]} 2. d4 {[%clk 1:27:59]} Bg7 {[%clk
1:31:07]} 3. c3 {[%clk 1:28:24]} d6 {[%clk 1:31:29]} 4. e4 {[%clk 1:28:11]} Nf6
{[%clk 1:31:31]} 5. Bd3 {[%clk 1:28:28]} O-O {[%clk 1:31:19]} 6. O-O {[%clk
1:28:15]} Bg4 {[%clk 1:21:55]} 7. h3 {[%clk 1:26:35]} Bxf3 {[%clk 1:22:00]} 8.
Qxf3 {[%clk 1:27:00]} e5 {[%clk 1:16:10]} 9. Rd1 {[%clk 1:22:29]} Nc6 {[%clk
1:08:11]} 10. Bb5 {[%clk 1:17:51]} Nd7 {[%clk 1:06:30]} 11. Be3 {[%clk 1:17:30]}
Qe7 {[%clk 0:44:50]} 12. Na3 {[%clk 1:12:37]} Rae8 {[%clk 0:42:15]} 13. Rac1
{[%clk 1:12:37]} f5 {[%clk 0:30:50]} 14. Bxc6 {[%clk 1:11:10]} bxc6 {[%clk
0:29:45]} 15. exf5 {[%clk 1:11:36]} e4 {[%clk 0:29:50]} 16. Qg3 {[%clk 1:08:46]}
gxf5 {[%clk 0:28:55]} 17. Nc2 {[%clk 1:07:52]} Kh8 {[%clk 0:22:32]} 18. f4 {[%clk
1:06:50]} Rg8 {[%clk 0:19:21]} 19. Qe1 {[%clk 1:06:40]} Nf6 {[%clk 0:17:40]} 20.
Qh4 {[%clk 1:03:13]} Qf7 {[%clk 0:16:40]} 21. Nb4 {[%clk 0:57:43]} Nd5 {[%clk
0:06:40]} 22. Nxd5 {[%clk 0:58:07]} cxd5 {[%clk 0:07:04]} 23. g4 {[%clk 0:56:38]}
fxg4 {[%clk 0:03:16]} 24. hxg4 {[%clk 0:57:04]} Bf6 {[%clk 0:02:50]} 25. g5
{[%clk 0:57:12]} Rg6 {[%clk 0:02:40]} 26. Rc2 {[%clk 0:56:13]} Bd8 {[%clk
0:02:14]} 27. Qh3 {[%clk 0:50:37]} Rf8 {[%clk 0:02:26]} 28. Rh2 {[%clk 0:49:44]}
Kg8 {[%clk 0:00:59]} 29. Kh1 {[%clk 0:49:00]} h6 {[%clk 0:00:42]} 30. Rg1 {[%clk
0:43:22]} Kh7 {[%clk 0:00:37]} 31. Rg4 {[%clk 0:42:48]} Qf5 {[%clk 0:00:38]} 32.
Rh4 {[%clk 0:43:02]} Qxh3 {[%clk 0:00:43]} 33. R2xh3 {[%clk 0:42:55]} Kg7 {[%clk
0:00:39]} 34. Rxh6 {[%clk 0:43:16]} Rxh6 {[%clk 0:01:05]} 35. Rxh6 {[%clk
0:43:42]} a5 {[%clk 0:00:46]} 36. Kg2 {[%clk 0:43:28]} a4 {[%clk 0:01:02]} 37.
Re6 {[%clk 0:41:15]} Rf7 {[%clk 0:00:49]} 38. Re8 {[%clk 0:41:14]} Rf8 {[%clk
0:00:51]} 39. Rxf8 {[%clk 0:40:09]} Kxf8 {[%clk 0:01:17]} 40. Kg3 {[%clk
1:09:45]} Kf7 {[%clk 0:30:57]} 41. Kg4 {[%clk 1:09:39]} Be7 {[%clk 0:30:39]} 42.
f5 {[%clk 1:09:19]} Bf8 {[%clk 0:30:02]} 43. Kh5 {[%clk 1:09:12]} 1-0

[Event "Irena Warakomska Memorial A"]
[Site "Suwalki"]
[Date "2020.08.06"]
[Round "1"]
[White "Chojnowski, Marcin"]
[Black "Grabarczyk, Miroslaw"]
[Result "0-1"]
[Board "4"]
[WhiteElo "2035"]
[WhiteCountry "POL"]
[WhiteFideId "1121456"]
[WhiteEloChange "-3"]
[BlackElo "2368"]
[BlackTitle "GM"]
[BlackCountry "POL"]
[BlackFideId "1101684"]
[BlackEloChange "3"]

1. e4 {[%clk 1:27:18]} e5 {[%clk 1:30:06]} 2. Nf3 {[%clk 1:27:12]} Nc6 {[%clk
1:30:15]} 3. Bb5 {[%clk 1:27:31]} a6 {[%clk 1:30:14]} 4. Ba4 {[%clk 1:24:19]} Nf6
{[%clk 1:30:06]} 5. O-O {[%clk 1:24:40]} Be7 {[%clk 1:29:27]} 6. Re1 {[%clk
1:24:43]} b5 {[%clk 1:28:48]} 7. Bb3 {[%clk 1:25:10]} d6 {[%clk 1:28:43]} 8. c3
{[%clk 1:25:22]} O-O {[%clk 1:28:50]} 9. h3 {[%clk 1:26:10]} Na5 {[%clk 1:26:33]}
10. Bc2 {[%clk 1:26:22]} c5 {[%clk 1:26:57]} 11. d4 {[%clk 1:26:29]} Qc7 {[%clk
1:27:20]} 12. d5 {[%clk 1:20:18]} Bd7 {[%clk 1:23:52]} 13. Nbd2 {[%clk 1:20:12]}
c4 {[%clk 1:21:31]} 14. Nf1 {[%clk 1:19:49]} Nb7 {[%clk 1:21:38]} 15. Ng3 {[%clk
1:18:38]} Nc5 {[%clk 1:18:51]} 16. Bg5 {[%clk 1:15:10]} a5 {[%clk 1:14:34]} 17.
Qd2 {[%clk 1:12:07]} Rfb8 {[%clk 1:09:56]} 18. Nh4 {[%clk 1:07:58]} Bd8 {[%clk
1:02:16]} 19. f4 {[%clk 1:01:35]} Ne8 {[%clk 1:02:16]} 20. fxe5 {[%clk 0:52:29]}
dxe5 {[%clk 1:00:42]} 21. Nhf5 {[%clk 0:50:04]} Bxf5 {[%clk 1:00:42]} 22. Nxf5
{[%clk 0:49:25]} Nd6 {[%clk 0:57:08]} 23. Nxd6 {[%clk 0:40:06]} Bxg5 {[%clk
0:52:31]} 24. Qxg5 {[%clk 0:40:22]} Qxd6 {[%clk 0:52:53]} 25. a3 {[%clk 0:30:14]}
Rb6 {[%clk 0:48:06]} 26. Rf1 {[%clk 0:27:56]} Rf8 {[%clk 0:47:10]} 27. Rf5 {[%clk
0:24:12]} Nd7 {[%clk 0:43:34]} 28. Raf1 {[%clk 0:24:04]} Rb7 {[%clk 0:39:43]} 29.
Bd1 {[%clk 0:21:41]} Nc5 {[%clk 0:36:04]} 30. Bc2 {[%clk 0:14:54]} f6 {[%clk
0:34:19]} 31. Qh4 {[%clk 0:14:15]} Rbf7 {[%clk 0:32:19]} 32. g4 {[%clk 0:13:57]}
g6 {[%clk 0:31:24]} 33. R5f3 {[%clk 0:12:17]} Nd7 {[%clk 0:30:05]} 34. Qh6 {[%clk
0:11:03]} Rb8 {[%clk 0:26:10]} 35. Kg2 {[%clk 0:06:03]} Rbf8 {[%clk 0:25:16]} 36.
Kh2 {[%clk 0:05:42]} b4 {[%clk 0:23:58]} 37. axb4 {[%clk 0:04:05]} axb4 {[%clk
0:24:22]} 38. cxb4 {[%clk 0:04:03]} Qxb4 {[%clk 0:24:43]} 39. R1f2 {[%clk
0:33:52]} Rb8 {[%clk 0:48:32]} 40. Qh4 {[%clk 0:26:19]} Ra8 {[%clk 0:42:37]} 41.
g5 {[%clk 0:23:51]} fxg5 {[%clk 0:36:58]} 42. Qxg5 {[%clk 0:18:12]} Rxf3 {[%clk
0:36:36]} 43. Rxf3 {[%clk 0:18:11]} Rf8 {[%clk 0:34:32]} 44. Rxf8+ {[%clk
0:14:32]} Qxf8 {[%clk 0:31:02]} 45. Kg3 {[%clk 0:10:15]} Qb4 {[%clk 0:28:23]} 46.
Qg4 {[%clk 0:06:27]} Nf8 {[%clk 0:25:10]} 47. Qe2 {[%clk 0:05:28]} Kg7 {[%clk
0:24:38]} 48. Bd1 {[%clk 0:04:31]} Nd7 {[%clk 0:23:59]} 49. Qc2 {[%clk 0:02:35]}
Qe1+ {[%clk 0:19:01]} 50. Kg2 {[%clk 0:02:34]} h5 {[%clk 0:18:21]} 51. Bf3 {[%clk
0:01:42]} h4 {[%clk 0:17:09]} 52. Qf2 {[%clk 0:01:40]} Qxf2+ {[%clk 0:17:03]} 53.
Kxf2 {[%clk 0:01:36]} Nc5 {[%clk 0:16:57]} 54. Ke3 {[%clk 0:00:47]} Na4 {[%clk
0:16:23]} 55. Be2 {[%clk 0:00:20]} Nxb2 {[%clk 0:08:49]} 56. Kd2 {[%clk 0:00:19]}
Na4 {[%clk 0:08:35]} 57. Bxc4 {[%clk 0:00:02]} Nb6 {[%clk 0:06:45]} 58. Bb5
{[%clk 0:00:26]} Nc8 {[%clk 0:06:59]} 59. Ke3 {time[%clk 0:00:41]} 0-1

[Event "Irena Warakomska Memorial A"]
[Site "Suwalki"]
[Date "2020.08.06"]
[Round "1"]
[White "Godzwon, Iwo"]
[Black "Krasiewicz, Robert"]
[Result "1-0"]
[Board "5"]
[WhiteElo "2347"]
[WhiteTitle "FM"]
[WhiteCountry "POL"]
[WhiteFideId "21802483"]
[WhiteEloChange "3"]
[BlackElo "2033"]
[BlackCountry "POL"]
[BlackFideId "1128612"]
[BlackEloChange "-3"]

1. e4 {[%clk 1:30:57]} e6 {[%clk 1:30:58]} 2. d4 {[%clk 1:31:24]} d5 {[%clk
1:31:23]} 3. Nd2 {[%clk 1:31:50]} Be7 {[%clk 1:31:49]} 4. e5 {[%clk 1:30:53]} c5
{[%clk 1:31:45]} 5. Qg4 {[%clk 1:31:08]} Kf8 {[%clk 1:31:56]} 6. dxc5 {[%clk
1:31:23]} Nd7 {[%clk 1:31:36]} 7. Qe2 {[%clk 1:28:50]} Qc7 {[%clk 1:28:25]} 8. f4
{[%clk 1:29:16]} Bxc5 {[%clk 1:28:00]} 9. Ngf3 {[%clk 1:27:12]} Ne7 {[%clk
1:26:48]} 10. Nb3 {[%clk 1:27:38]} Bb6 {[%clk 1:26:43]} 11. Nfd4 {[%clk 1:19:04]}
a6 {[%clk 1:25:00]} 12. Be3 {[%clk 1:19:31]} Ba7 {[%clk 1:22:03]} 13. Qf2 {[%clk
1:07:49]} Nb6 {[%clk 1:18:41]} 14. Nf3 {[%clk 0:55:22]} Bd7 {[%clk 1:18:41]} 15.
Bd3 {[%clk 0:50:19]} Nec8 {[%clk 1:04:56]} 16. Nc5 {[%clk 0:49:00]} g6 {[%clk
1:00:38]} 17. O-O-O {[%clk 0:40:26]} Na4 {[%clk 0:59:21]} 18. Nxd7+ {[%clk
0:38:21]} Qxd7 {[%clk 0:59:49]} 19. Bxa7 {[%clk 0:38:47]} Rxa7 {[%clk 0:59:20]}
20. b3 {[%clk 0:39:05]} Nab6 {[%clk 0:59:11]} 21. g4 {[%clk 0:38:20]} Qe7 {[%clk
0:53:12]} 22. f5 {[%clk 0:36:52]} Ke8 {[%clk 0:51:38]} 23. h4 {[%clk 0:35:14]}
Nd7 {[%clk 0:50:18]} 24. h5 {[%clk 0:34:18]} gxf5 {[%clk 0:48:16]} 25. gxf5
{[%clk 0:34:42]} Qc5 {[%clk 0:48:30]} 26. Qd2 {[%clk 0:32:25]} Ne7 {[%clk
0:46:44]} 27. fxe6 {[%clk 0:31:23]} fxe6 {[%clk 0:47:06]} 28. Ng5 {[%clk
0:28:56]} Nf8 {[%clk 0:40:53]} 29. Qf4 {[%clk 0:28:33]} Kd7 {[%clk 0:40:20]} 30.
Kb1 {[%clk 0:19:06]} Ra8 {[%clk 0:39:30]} 31. c4 {[%clk 0:16:35]} b5 {[%clk
0:39:46]} 32. cxd5 {[%clk 0:16:39]} Nxd5 {[%clk 0:38:09]} 33. Be4 {[%clk
0:17:02]} Rc8 {[%clk 0:35:56]} 34. Qf7+ {[%clk 0:15:04]} Kd8 {[%clk 0:35:37]} 35.
Nxe6+ {[%clk 0:15:18]} Nxe6 {[%clk 0:35:58]} 36. Rxd5+ {[%clk 0:15:45]} Qxd5
{[%clk 0:36:18]} 37. Bxd5 {[%clk 0:16:13]} 1-0

[Event "Irena Warakomska Memorial A"]
[Site "Suwalki"]
[Date "2020.08.06"]
[Round "1"]
[White "Jurkiewicz, Krzysztof"]
[Black "Lewicki, Miroslaw"]
[Result "0-1"]
[Board "6"]
[WhiteElo "2011"]
[WhiteCountry "POL"]
[WhiteFideId "1103270"]
[WhiteEloChange "-3"]
[BlackElo "2340"]
[BlackTitle "IM"]
[BlackCountry "POL"]
[BlackFideId "1113380"]
[BlackEloChange "3"]

1. d4 {[%clk 1:30:57]} Nf6 {[%clk 1:30:48]} 2. c4 {[%clk 1:31:22]} e6 {[%clk
1:31:01]} 3. g3 {[%clk 1:31:45]} d5 {[%clk 1:31:04]} 4. Nf3 {[%clk 1:31:40]} c6
{[%clk 1:30:44]} 5. Bg2 {[%clk 1:31:38]} Bd6 {[%clk 1:31:03]} 6. Nbd2 {[%clk
1:30:43]} O-O {[%clk 1:31:17]} 7. O-O {[%clk 1:31:01]} Nbd7 {[%clk 1:31:32]} 8.
Qc2 {[%clk 1:30:01]} Re8 {[%clk 1:31:15]} 9. Rd1 {[%clk 1:28:21]} Qc7 {[%clk
1:28:04]} 10. e4 {[%clk 1:27:25]} dxe4 {[%clk 1:27:52]} 11. Nxe4 {[%clk 1:26:01]}
Nxe4 {[%clk 1:28:14]} 12. Qxe4 {[%clk 1:26:27]} c5 {[%clk 1:19:07]} 13. b3 {[%clk
1:15:03]} Nf6 {[%clk 1:17:11]} 14. Qh4 {[%clk 1:13:10]} cxd4 {[%clk 1:17:27]} 15.
Nxd4 {[%clk 1:13:01]} a6 {[%clk 1:16:00]} 16. Bb2 {[%clk 1:06:54]} e5 {[%clk
1:15:32]} 17. Nf3 {[%clk 1:04:23]} h6 {[%clk 1:12:26]} 18. Rac1 {[%clk 0:58:38]}
Ng4 {[%clk 1:11:03]} 19. Rxd6 {[%clk 0:45:33]} Qxd6 {[%clk 1:11:26]} 20. h3
{[%clk 0:45:33]} e4 {[%clk 1:09:07]} 21. Nd4 {[%clk 0:43:36]} Nf6 {[%clk
1:09:27]} 22. c5 {[%clk 0:41:05]} Qe5 {[%clk 1:03:25]} 23. Rc2 {[%clk 0:36:36]}
Bd7 {[%clk 1:00:24]} 24. Nb5 {[%clk 0:34:45]} Qd5 {[%clk 1:00:40]} 25. Nd4 {[%clk
0:29:18]} Rac8 {[%clk 1:00:17]} 26. b4 {[%clk 0:28:33]} Qxa2 {[%clk 0:59:32]} 27.
Kh2 {[%clk 0:25:23]} Rcd8 {[%clk 0:56:57]} 28. Bf1 {[%clk 0:24:23]} Qb1 {[%clk
0:54:21]} 29. Bc4 {[%clk 0:23:04]} Be6 {[%clk 0:54:17]} 30. Bxe6 {[%clk 0:22:26]}
fxe6 {[%clk 0:54:28]} 31. Re2 {[%clk 0:18:21]} Qf1 {[%clk 0:53:35]} 32. Rc2
{[%clk 0:16:49]} e5 {[%clk 0:53:56]} 33. Nf5 {[%clk 0:15:16]} Rd1 {[%clk
0:54:17]} 0-1

[Event "Irena Warakomska Memorial A"]
[Site "Suwalki"]
[Date "2020.08.06"]
[Round "1"]
[White "Szustakowski, Antoni"]
[Black "Wolanski, Michal"]
[Result "1/2-1/2"]
[Board "7"]
[WhiteElo "2295"]
[WhiteTitle "FM"]
[WhiteCountry "POL"]
[WhiteFideId "1167677"]
[WhiteEloChange "-7"]
[BlackElo "1984"]
[BlackCountry "POL"]
[BlackFideId "1137778"]
[BlackEloChange "7"]

1. d4 {[%clk 1:30:57]} Nf6 {[%clk 1:30:54]} 2. c4 {[%clk 1:31:23]} e6 {[%clk
1:31:17]} 3. Nf3 {[%clk 1:31:35]} b6 {[%clk 1:31:39]} 4. a3 {[%clk 1:31:39]} Bb7
{[%clk 1:31:04]} 5. Bf4 {[%clk 1:32:03]} Be7 {[%clk 1:30:43]} 6. e3 {[%clk
1:31:34]} O-O {[%clk 1:30:33]} 7. Nc3 {[%clk 1:31:03]} d5 {[%clk 1:28:02]} 8.
cxd5 {[%clk 1:30:16]} Nxd5 {[%clk 1:27:53]} 9. Nxd5 {[%clk 1:29:47]} Bxd5 {[%clk
1:25:42]} 10. Qc2 {[%clk 1:22:29]} c5 {[%clk 1:20:19]} 11. Bd3 {[%clk 1:11:39]}
g6 {[%clk 1:19:41]} 12. e4 {[%clk 1:10:12]} Bb7 {[%clk 1:18:40]} 13. dxc5 {[%clk
1:10:03]} bxc5 {[%clk 1:07:16]} 14. Rd1 {[%clk 1:00:06]} Qa5+ {[%clk 1:02:51]}
15. Bd2 {[%clk 0:57:32]} Qb6 {[%clk 1:02:51]} 16. Ne5 {[%clk 0:57:32]} Bf6 {[%clk
0:55:30]} 17. Bc3 {[%clk 0:45:08]} Bg7 {[%clk 0:52:00]} 18. O-O {[%clk 0:43:19]}
Qc7 {[%clk 0:44:20]} 19. Ng4 {[%clk 0:43:15]} Qe7 {[%clk 0:44:19]} 20. Bxg7
{[%clk 0:38:15]} Kxg7 {[%clk 0:44:41]} 21. Qc1 {[%clk 0:38:39]} Qh4 {[%clk
0:23:24]} 22. Qc3+ {[%clk 0:38:47]} f6 {[%clk 0:23:25]} 23. Ne3 {[%clk 0:39:06]}
Nd7 {[%clk 0:19:55]} 24. Qb3 {[%clk 0:38:01]} Rab8 {[%clk 0:16:45]} 25. Qxe6
{[%clk 0:37:35]} Ne5 {[%clk 0:16:24]} 26. Qe7+ {[%clk 0:29:21]} Kh8 {[%clk
0:15:22]} 27. Bb1 {[%clk 0:27:10]} Bxe4 {[%clk 0:13:06]} 28. Qxc5 {[%clk
0:24:34]} Qg5 {[%clk 0:09:52]} 29. Kh1 {[%clk 0:23:47]} Rfc8 {[%clk 0:07:42]} 30.
Qd4 {[%clk 0:21:15]} Bxb1 {[%clk 0:06:42]} 31. Rxb1 {[%clk 0:21:40]} Nc6 {[%clk
0:06:45]} 32. Qd7 {[%clk 0:19:09]} Qe5 {[%clk 0:05:01]} 33. Rbc1 {[%clk 0:16:27]}
Rc7 {[%clk 0:03:41]} 34. Qd5 {[%clk 0:15:51]} Rxb2 {[%clk 0:02:42]} 35. Qxe5
{[%clk 0:12:20]} fxe5 {[%clk 0:03:10]} 36. Rc3 {[%clk 0:12:44]} Rc8 {[%clk
0:02:00]} 37. Rfc1 {[%clk 0:10:23]} Rbb8 {[%clk 0:02:28]} 38. f3 {[%clk 0:08:57]}
Ne7 {[%clk 0:01:45]} 39. Rxc8+ {[%clk 0:09:22]} Rxc8 {[%clk 0:02:13]} 40. Rxc8+
{[%clk 0:39:47]} Nxc8 {[%clk 0:32:41]} 41. Nc4 {[%clk 0:40:08]} Kg7 {[%clk
0:31:16]} 42. Nxe5 {[%clk 0:38:47]} Kf6 {[%clk 0:30:43]} 43. Ng4+ {[%clk
0:36:14]} Ke6 {[%clk 0:30:24]} 44. Kg1 {[%clk 0:34:59]} Nd6 {[%clk 0:28:14]} 45.
Kf2 {[%clk 0:34:16]} Nc4 {[%clk 0:27:41]} 46. a4 {[%clk 0:34:41]} a5 {[%clk
0:19:22]} 47. Ne3 {[%clk 0:30:24]} Nb6 {[%clk 0:19:36]} 48. f4 {[%clk 0:30:20]}
Nxa4 {[%clk 0:14:30]} 49. Nc4 {[%clk 0:30:40]} Nc5 {[%clk 0:13:08]} 50. Nxa5
{[%clk 0:30:36]} Kf5 {[%clk 0:13:12]} 51. Kf3 {[%clk 0:30:06]} h5 {[%clk
0:13:09]} 52. Nc4 {[%clk 0:27:01]} Ne6 {[%clk 0:11:56]} 53. Ne3+ {[%clk 0:26:24]}
Kf6 {[%clk 0:12:19]} 54. h3 {[%clk 0:26:14]} Nd4+ {[%clk 0:10:27]} 55. Ke4 {[%clk
0:26:38]} Ne2 {[%clk 0:10:06]} 56. Nd5+ {[%clk 0:24:31]} Ke6 {[%clk 0:10:09]} 57.
Nc7+ {[%clk 0:24:40]} Kf6 {[%clk 0:10:07]} 58. Ne8+ {[%clk 0:23:20]} Ke7 {[%clk
0:09:26]} 59. Nc7 {[%clk 0:23:23]} Kf6 {[%clk 0:09:45]} 60. Ke3 {[%clk 0:23:16]}
Ng3 {[%clk 0:08:41]} 61. Nd5+ {[%clk 0:21:36]} Ke6 {[%clk 0:09:00]} 62. Nc3
{[%clk 0:21:49]} Nf5+ {[%clk 0:09:21]} 63. Kf2 {[%clk 0:21:40]} Nd6 {[%clk
0:08:01]} 64. Ne2 {[%clk 0:21:54]} Ne4+ {[%clk 0:07:58]} 65. Ke3 {[%clk 0:22:08]}
Nd6 {[%clk 0:08:21]} 66. Ng3 {[%clk 0:22:25]} Nc4+ {[%clk 0:08:22]} 67. Kd3
{[%clk 0:21:07]} Nd6 {[%clk 0:08:38]} 68. Kd4 {[%clk 0:21:32]} Nb5+ {[%clk
0:08:47]} 69. Ke3 {[%clk 0:19:49]} Nd6 {[%clk 0:09:09]} 70. Kf3 {[%clk 0:20:13]}
Kf7 {[%clk 0:07:49]} 71. f5 {[%clk 0:20:18]} Kf6 {[%clk 0:06:11]} 72. fxg6 {[%clk
0:19:16]} Kxg6 {[%clk 0:06:39]} 73. Kf4 {[%clk 0:19:35]} Ne8 {[%clk 0:06:27]} 74.
Nf5 {[%clk 0:19:30]} Kf6 {[%clk 0:06:06]} 75. Ng3 {[%clk 0:16:48]} Ng7 {[%clk
0:06:16]} 76. h4 {[%clk 0:16:16]} Ne6+ {[%clk 0:05:59]} 77. Ke4 {[%clk 0:16:33]}
Ng7 {[%clk 0:06:21]} 78. Kd5 {[%clk 0:16:17]} Nf5 {[%clk 0:05:47]} 79. Ne4+
{[%clk 0:13:58]} Kg6 {[%clk 0:06:07]} 80. g3 {[%clk 0:14:22]} Ne7+ {[%clk
0:06:13]} 81. Ke6 {[%clk 0:14:44]} Nf5 {[%clk 0:06:27]} 82. Ke5 {[%clk 0:15:09]}
Ne7 {[%clk 0:06:44]} 83. Nf2 {[%clk 0:14:48]} Nf5 {[%clk 0:06:56]} 84. Kf4 {[%clk
0:15:14]} Kf6 {[%clk 0:06:46]} 85. Nd3 {[%clk 0:15:33]} Nd4 {[%clk 0:06:45]} 86.
Ke3 {[%clk 0:15:15]} Nf5+ {[%clk 0:07:09]} 87. Kf2 {[%clk 0:15:40]} Ng7 {[%clk
0:07:21]} 88. Nf4 {[%clk 0:16:00]} Ke5 {[%clk 0:06:54]} 89. Ke3 {[%clk 0:16:15]}
Kf5 {[%clk 0:07:16]} 90. Kf3 {[%clk 0:16:41]} Ke5 {[%clk 0:07:39]} 91. Nxh5
{[%clk 0:16:59]} Nxh5 {[%clk 0:08:01]} 92. g4 {[%clk 0:17:27]} Ng7 {[%clk
0:07:11]} 93. h5 {[%clk 0:17:49]} Nxh5 {[%clk 0:07:21]} 94. gxh5 {[%clk 0:18:15]}
Kf5 {[%clk 0:07:44]} 95. h6 {[%clk 0:18:42]} Kg6 {[%clk 0:08:09]} 96. h7 {[%clk
0:19:08]} Kxh7 {[%clk 0:08:33]} 1/2-1/2